Disease and weight loss: a prospective study of middle-aged and older adults in Costa Rica and England /

Gorde:
Xehetasun bibliografikoak
Egile nagusia: Blue, Laura
Beste egile batzuk: Goldman, Noreen, Rosero-Bixby, Luis
Formatua: Liburua
Hizkuntza:English
Etiketak: Etiketa erantsi
Etiketarik gabe, Izan zaitez lehena erregistro honi etiketa jartzen!

MARC

LEADER 00000nam a22000007a 4500
003 cru CIDCACS/IIS
005 20200925161349.0
007 ta
008 170510s2015 mx ||||| |||| 00| 0 eng d
040 |c CRAI/IIS  |a CRAI/IIS 
100 1 |9 4582  |a Blue, Laura 
245 1 |a Disease and weight loss:  |b a prospective study of middle-aged and older adults in Costa Rica and England /  |c Laura Blue, Noreen Goldman, Luis Rosero-Bixby 
300 |a páginas 312-319:  |b tablas 
700 1 |9 4583  |a Goldman, Noreen 
700 1 |9 4584  |a Rosero-Bixby, Luis 
773 0 |0 19284  |9 742  |a Instituto Nacional de Salud Pública (México)  |d México: Instituto Nacional de Salud Pública  |o R17870  |t Salud Pública de México /  |x 00363634 
942 |2 ddc  |c PP 
999 |c 19287  |d 19287